|
|
|
|
| LEADER |
02104nam a2200313 a 4500 |
| 001 |
23736 |
| 003 |
BD-DhAAL |
| 008 |
111020s2011 bg b 001 0 ben d |
| 999 |
|
|
|c 11349
|d 11349
|
| 020 |
|
|
|a 9789848866269
|
| 020 |
|
|
|a 9789848866306
|
| 040 |
|
|
|a BD-DhAAL
|c BD-DhAAL
|
| 082 |
0 |
0 |
|a 338.95492
|2 22
|
| 100 |
1 |
|
|a খান, আকবর আলি
|9 30163
|
| 245 |
1 |
0 |
|a অন্ধকারের উৎস হতে :
|b সাহিত্য, সমাজ, পরিবেশ ও অর্থনীতি সম্পর্কে আলোর সন্ধান /
|c আকবর আলি খান
|
| 260 |
|
|
|a ঢাকা :
|b পাঠক সমাবেশ,
|c ২০১১
|
| 300 |
|
|
|a ২৩৬ পৃ. :
|b চিএ ;
|c ২২ সে.মি.
|
| 504 |
|
|
|a গ্রণ্থপঞ্জি ও নির্ঘন্ট অন্তর্ভূক্ত
|
| 541 |
1 |
|
|e 00023736
|
| 650 |
|
0 |
|a Bangladesh
|x Social condition.
|9 30164
|
| 650 |
|
0 |
|a Bangladesh
|x Social policy.
|9 30165
|
| 650 |
|
0 |
|a Bangladesh
|x Economic policy.
|9 30166
|
| 852 |
4 |
|
|a Ayesha Abed Library
|c General Stacks
|
| 942 |
|
|
|2 ddc
|c BK
|
| 952 |
|
|
|0 0
|1 0
|4 0
|6 338_954920000000000_KHA
|7 0
|9 18450
|a BRACUL
|b BRACUL
|c GEN
|d 2010-10-24
|e Development Book Agency
|g 625.00
|l 5
|m 30
|o 338.95492 KHA
|p 3010023736
|r 2020-01-29
|s 2019-06-09
|t 1
|w 2011-10-20
|y BK
|
| 952 |
|
|
|0 0
|1 0
|4 0
|6 338_954920000000000_KHA
|7 0
|9 18451
|a BRACUL
|b BRACUL
|c GEN
|d 2010-10-24
|e Development Book Agency
|g 625.00
|l 4
|m 61
|o 338.95492 KHA
|p 3010023737
|r 2018-07-31
|s 2018-02-07
|t 2
|w 2011-10-20
|y BK
|
| 952 |
|
|
|0 0
|1 0
|4 0
|6 338_954920000000000_KHA
|7 0
|9 18452
|a BRACUL
|b BRACUL
|c GEN
|d 2010-10-24
|e Development Book Agency
|g 625.00
|l 6
|m 49
|o 338.95492 KHA
|p 3010023738
|r 2026-04-26
|s 2025-10-20
|t 3
|w 2011-10-20
|y BK
|
| 952 |
|
|
|0 0
|1 0
|4 0
|6 338_954920000000000_KHA
|7 0
|9 18453
|a BRACUL
|b BRACUL
|c GEN
|d 2010-10-24
|e Development Book Agency
|g 625.00
|l 6
|m 51
|o 338.95492 KHA
|p 3010023739
|r 2023-04-06
|s 2023-03-28
|t 4
|w 2011-10-20
|y BK
|
| 952 |
|
|
|0 0
|1 0
|4 0
|6 338_954920000000000_KHA
|7 0
|9 18454
|a BRACUL
|b BRACUL
|c GEN
|d 2010-10-24
|e Development Book Agency
|g 625.00
|l 8
|m 40
|o 338.95492 KHA
|p 3010023740
|r 2024-09-12
|s 2024-09-05
|t 5
|w 2011-10-20
|y BK
|